Les 7 Romans les plus vendus en 2020 - Statistiques

Statistiques générales
  • Ce quiz a été pris 7 fois
  • Le résultat moyen est 4 sur 7
Statistiques - réponses
auteur nombre d'exemplaires vendus Réponse % Correct
Hervé Le Tellier 439 405 exemplaires L’anomalie
86%
Joël Dicker 493 305 exemplaires L’Enigme de la chambre 622
86%
Ken Follett 219 250 exemplaires Le Crépuscule et l'Aube
43%
Leïla Slimani 223 613 exemplaires Le pays des autres
43%
Pierre Lemaitre 274 917 exemplaires Miroir de nos peines
43%
Marc Levy 202 975 exemplaires C’est arrivé la nuit
29%
Guillaume Musso 396 480 exemplaires La vie est un roman
29%
Aucun quiz correspondant
Distribution des résultats
% des personnes avec chaque résultat
Percentile par nombre de réponses
Votre historique - résultats
Vous n’avez pas pris ce quiz